The living sea / (Record no. 134662)

MARC details
000 -LEADER
fixed length control field 00668nam a22002297a 4500
005 - DATE AND TIME OF LATEST TRANSACTION
control field 20170124110231.0
010 ## - LIBRARY OF CONGRESS CONTROL NUMBER
LC control number 207610
020 ## - INTERNATIONAL STANDARD BOOK NUMBER
Terms of availability 00.00
035 ## - SYSTEM CONTROL NUMBER
System control number 207610
037 ## - SOURCE OF ACQUISITION
Source of stock number/acquisition Cen Lib/Ret
040 ## - CATALOGING SOURCE
Original cataloging agency DPL
Language of cataloging EN
082 ## - DEWEY DECIMAL CLASSIFICATION NUMBER
Classification number 910.45
Item number COU
100 ## - MAIN ENTRY--PERSONAL NAME
Personal name Cousteau, Jacques-Yves
9 (RLIN) 21067
245 ## - TITLE STATEMENT
Title The living sea /
Statement of responsibility, etc by Jacques-YvesCousteau [and] James Dugan
260 ## - PUBLICATION, DISTRIBUTION, ETC. (IMPRINT)
Place of publication, distribution, etc New York
Name of publisher, distributor, etc Harper & Row Publishers
Date of publication, distribution, etc 1963
270 ## - ADDRESS
Address New York
City New York
300 ## - PHYSICAL DESCRIPTION
Extent 325p. :
Dimensions 23cm(Hb)
Other physical details ill.
650 ## - SUBJECT ADDED ENTRY--TOPICAL TERM
Topical term or geographic name as entry element Marine biology
9 (RLIN) 41349
650 ## - SUBJECT ADDED ENTRY--TOPICAL TERM
Topical term or geographic name as entry element Underwater photography
9 (RLIN) 41350
700 ## - ADDED ENTRY--PERSONAL NAME
9 (RLIN) 32298
Personal name Dugan, James
942 ## - ADDED ENTRY ELEMENTS (KOHA)
Source of classification or shelving scheme Dewey Decimal Classification
Koha item type English Books
Classification part 910.45
Call number suffix COU
Holdings
Withdrawn status Lost status Damaged status Not for loan Collection code Home library Current library Date acquired Source of acquisition Cost, normal purchase price Total Checkouts Full call number Barcode Date last seen Copy number Cost, replacement price Price effective from Koha item type
      Not For Loan Reference Central Library Central Library 30/07/2015 Cen Lib/Ret 0.00   910.45 COU 207610 30/07/2015 1 0.00 30/07/2015 English Books

© Delhi Public Library
Hit Counter
free hit counter